| 000 | 00211nam a22000737a 4500 | ||
|---|---|---|---|
| 999 |
_c24122 _d24122 |
||
| 003 | Nust | ||
| 005 | 20170320161152.0 | ||
| 008 | 140507b xxu||||| |||| 00| 0 eng d | ||
| 020 | _c9839154095 | ||
| 040 | _c0 | ||
| 082 | _a297.272 ASA | ||
| 100 | _aAsad,Muhammad | ||
| 245 |
_aThe principles of state and Government in Islam _cMuhammad Asad |
||
| 260 |
_aKuala Lumpur _bAcademe Art and Printing Services _c2007 |
||
| 300 | _a111 p. | ||
| 500 | _aP.B | ||
| 942 |
_2ddc _cBK _k297.272 ASA |
||